[Event "Toronto NAYCC U08"]
[Site "Toronto"]
[Date "2013.08.17"]
[Round "6"]
[White "Whittingham, Dieter"]
[Black "Xu, Derrick"]
[Result "1-0"]
[WhiteElo "625"]
[BlackElo "627"]
[PlyCount "89"]
[EventDate "2013.08.14"]
[EventType "swiss"]
[EventRounds "9"]
[EventCountry "CAN"]
[SourceTitle "EXT 2022"]
[Source "ChessBase"]
[SourceDate "2021.10.06"]
[SourceVersion "1"]
[SourceVersionDate "2021.10.06"]
[SourceQuality "1"]

1. e4 e5 2. Nf3 Nc6 3. d4 Bb4+ 4. c3 Bd6 5. dxe5 Bxe5 6. Nxe5 Nxe5 7. Qd4 d6 8. f4 c5 9. Qa4+ Bd7 10. Qb3 Be6 11. Qxb7 Nc6 12. Qxc6+ Bd7 13. Qd5 Be6 14. Bb5+ Bd7 15. Bxd7+ Qxd7 16. Qxa8+ Qd8 17. Qxd8+ Kxd8 18. 0-0 h6 19. Rd1 Ke8 20. Rxd6 Ne7 21. Be3 g5 22. Bxc5 Nc8 23. Rc6 Kd7 24. Bd4 Re8 25. Rc5 Rxe4 26. Rd5+ Nd6 27. Bc5 Re1+ 28. Kf2 Re6 29. Rxd6+ Rxd6 30. Bxd6 Kxd6 31. Na3 gxf4 32. Nb5+ Kc5 33. Nxa7 Kd5 34. Re1 h5 35. b4 Kd6 36. b5 Kc7 37. Re7+ Kb8 38. Rxf7 Ka8 39. c4 Kb8 40. c5 Ka8 41. c6 Kb8 42. c7+ Kxa7 43. c8Q+ Kb6 44. Qb7+ Kc5 45. Qc6+ 1-0

[Event "Toronto NAYCC U08"]
[Site "Toronto"]
[Date "2013.08.17"]
[Round "7"]
[White "Xu, Derrick"]
[Black "Walters, Joshua"]
[Result "1-0"]
[WhiteElo "627"]
[BlackElo "290"]
[PlyCount "27"]
[EventDate "2013.08.14"]
[EventType "swiss"]
[EventRounds "9"]
[EventCountry "CAN"]
[SourceTitle "EXT 2022"]
[Source "ChessBase"]
[SourceDate "2021.10.06"]
[SourceVersion "1"]
[SourceVersionDate "2021.10.06"]
[SourceQuality "1"]

1. d4 e6 2. e3 Bb4+ 3. c3 Be7 4. Bd3 f5 5. Nf3 Nh6 6. Nbd2 Nc6 7. 0-0 0-0 8. Qe2 Na5 9. e4 fxe4 10. Qxe4 Nc6 11. Qxh7+ Kf7 12. Bg6+ Kf6 13. Be4 Ng8 14. Qg6# 1-0